Values, ethics, and standards in evaluation /

Bibliographic Details
Other Authors: Perloff, Robert, Perloff, Evelyn
Format: Book
Language:English
Published: San Frnacisco, Calif. : Jossey-Bass, 1980.
Series:New directions for program evaluation ; no. 7.
Subjects:

MARC

Tag First Indicator Second Indicator Subfields
LEADER 00000cam a2200000 a 4500
001 in00000634521
005 20151015052749.0
008 810420s1980 cau b 00100 engm
010 |a  78073931  
035 |a (OCoLC)06777736 
035 |9 ACU2888AM 
039 0 |a 2  |b 3  |c 3  |d 3  |e 3 
040 |a DLC  |c DLC  |d m.c.  |d TXA  |d UtOrBLW 
049 |a TXAM  |c [1802011] 
050 0 0 |a H62  |b .V28 
082 0 |a 361.6/1/072  |2 19 
245 0 0 |a Values, ethics, and standards in evaluation /  |c Robert Perloff, Evelyn Perloff, guest editors. 
264 1 |a San Frnacisco, Calif. :  |b Jossey-Bass,  |c 1980. 
300 |a viii, 103 pages ;  |c 24 cm. 
336 |a text  |b txt  |2 rdacontent 
337 |a unmediated  |b n  |2 rdamedia 
338 |a volume  |b nc  |2 rdacarrier 
490 1 |a New directions for program evaluation,  |v no. 7 
504 |a Includes bibliographies and index. 
650 0 |a Evaluation research (Social action programs) 
650 0 |a Research  |x Evaluation. 
650 0 |a Social values. 
700 1 |a Perloff, Robert. 
700 1 |a Perloff, Evelyn. 
830 0 |a New directions for program evaluation ;  |v no. 7. 
999 |a MARS 
999 f f |s d2fb01cf-d545-3c16-8345-1ca14b836282  |i e46aa010-c6a5-3d52-b35e-488362d73460  |t 0 
952 f f |p ric  |a Texas A&M University  |b Rellis Campus  |c Joint Library Facility  |d Remote Storage  |t 0  |e H62 .V28  |h Library of Congress classification  |i unmediated -- volume  |m A14802514832 
998 f f |a H62 .V28  |t 0  |l Remote Storage